HEALT EDUCATION AND COMMUNITY PHARMACY (Record no. 8706)
[ view plain ]
| 000 -LEADER | |
|---|---|
| fixed length control field | 00293nam a22001337a 4500 |
| 003 - CONTROL NUMBER IDENTIFIER | |
| control field | SGT |
| 082 ## - DEWEY DECIMAL CLASSIFICATION NUMBER | |
| Classification number | 615.4 |
| Item number | H16N |
| 100 ## - MAIN ENTRY--PERSONAL NAME | |
| Personal name | N.KUMAR |
| 245 ## - TITLE STATEMENT | |
| Title | HEALT EDUCATION AND COMMUNITY PHARMACY |
| 260 ## - PUBLICATION, DISTRIBUTION, ETC. (IMPRINT) | |
| Place of publication, distribution, etc | DELHI |
| Name of publisher, distributor, etc | AITBS |
| Year of Publication | 2013 |
| 300 ## - PAGE DESCRIPTION | |
| No. of Pages | 216 |
| 650 ## - SUBJECT ADDED ENTRY--TOPICAL TERM | |
| Topical term or geographic name as entry element | COMMUNITY PHARMACY |
| 942 ## - ADDED ENTRY ELEMENTS (KOHA) | |
| Source of classification or shelving scheme | Dewey Decimal Classification |
| Koha item type | Books |
| 942 ## - ADDED ENTRY ELEMENTS (KOHA) | |
| -- | 3 |
| Withdrawn status | Lost status | Source of classification or shelving scheme | Damaged status | Use restrictions | Not for loan | Collection code | Home library | Current library | Shelving location | Date acquired | Vendor Name | Cost, normal purchase price | SGTU | Bill Number | Full call number | Accession No. (Barcode) | Date last seen | Bill Date | Koha item type | Total Checkouts | Date last borrowed |
|---|---|---|---|---|---|---|---|---|---|---|---|---|---|---|---|---|---|---|---|---|---|
| Dewey Decimal Classification | Restricted Access | AYURVEDA | SGT FA-FP Library | SGT FA-FP Library | Reference Book | 01/04/2016 | AHUJA | 145.00 | SGTU | 6599 | 615.4 H16N | FA4886 | 01/04/2016 | 10/02/2016 | Books | ||||||
| Dewey Decimal Classification | AYURVEDA | SGT FA-FP Library | SGT FA-FP Library | Text Book | 01/04/2016 | AHUJA | 145.00 | SGTU | 6599 | 615.4 H16N | FA4887 | 01/04/2016 | 10/02/2016 | Books | |||||||
| Dewey Decimal Classification | AYURVEDA | SGT FA-FP Library | SGT FA-FP Library | Text Book | 01/04/2016 | AHUJA | 145.00 | SGTU | 6599 | 615.4 H16N | FA4888 | 29/04/2023 | 10/02/2016 | Books | 3 | 21/04/2023 | |||||
| Dewey Decimal Classification | AYURVEDA | SGT FA-FP Library | SGT FA-FP Library | Text Book | 01/04/2016 | AHUJA | 145.00 | SGTU | 6599 | 615.4 H16N | FA4889 | 04/06/2022 | 10/02/2016 | Books | 2 | 24/05/2022 | |||||
| Dewey Decimal Classification | AYURVEDA | SGT FA-FP Library | SGT FA-FP Library | Text Book | 01/04/2016 | AHUJA | 145.00 | SGTU | 6599 | 615.4 H16N | FA4890 | 23/08/2023 | 10/02/2016 | Books | 5 | 28/06/2023 |